[Event "Moscow RUS"]
[Site "?"]
[Date "2002.??.??"]
[Round "2"]
[White "Dolmatov Sergey"]
[Black "Balashov Yuri S"]
[Result "1/2-1/2"]
[WhiteElo "2579"]
[BlackElo "2580"]
[PlyCount "123"]
[EventDate "2002.??.??"]
[Source "www.chesslib.no"]
[SourceDate "2004.05.04"]

1. e4 e5 2. Nf3 Nc6 3. Bb5 a6 4. Ba4 Nf6 5. O-O Be7 6. Re1 b5 7. Bb3 d6 8. c3 O-O 9. h3 a5 10. a4 b4 11. d3 Ba6 12. Qc2 Rb8 13. Nbd2 Qc8 14. Bc4 bxc3 15. bxc3 Bxc4 16. Nxc4 Qe6 17. Qe2 Rfe8 18. Bd2 Bf8 19. Rab1 h6 20. Rb5 Rxb5 21. axb5 Na7 22. Nxa5 Nxb5 23. d4 Na7 24. d5 Qd7 25. c4 Rb8 26. Bc3 Qe8 27. Qe3 c5 28. Nd2 Nd7 29. Ra1 Be7 30. g3 Bd8 31. Nab3 Nc8 32. h4 Ncb6 33. Na5 Ra8 34. Qd3 Nb8 35. Qc2 Qd7 36. Kg2 Nc8 37. Nab3 Rxa1 38. Nxa1 Qa7 39. Qb3 Nb6 40. Nc2 Qa4 41. Ne3 Qxb3 42. Nxb3 Nc8 43. Kf3 h5 44. Ke2 g6 45. Ba5 Bxa5 46. Nxa5 Kf8 47. f4 Nd7 48. Kf3 Ke7 49. Nd1 f5 50. Nc3 Kf6 51. Nb5 exf4 52. Kxf4 fxe4 53. Nc3 e3 54. Ne4+ Kf7 55. Kxe3 Ne5 56. Kf4 Nd7 57. Kf3 Ne5+ 58. Ke3 Kg7 59. Kd2 Kf7 60. Kc3 Ke7 61. Kb3 Kd7 62. Ka4 1/2-1/2

[Event "Wijk aan Zee"]
[Site "?"]
[Date "1988.??.??"]
[Round "?"]
[White "Huebner, R."]
[Black "Agdestein, S."]
[Result "1/2-1/2"]
[WhiteElo "2595"]
[BlackElo "2560"]
[PlyCount "105"]
[EventDate "1988.??.??"]
[Source "ChessBase"]
[SourceDate "1988.01.01"]

1. e4 e5 2. Nf3 Nc6 3. Bb5 a6 4. Ba4 Nf6 5. O-O Be7 6. Re1 b5 7. Bb3 d6 8. c3 O-O 9. h3 a5 10. a4 b4 11. d4 bxc3 12. bxc3 exd4 13. Nxd4 Nxd4 14. cxd4 d5 15. e5 Ne4 16. Ba3 Bb4 17. Bxb4 axb4 18. f3 Ng5 19. f4 Ne4 20. Nd2 Nc3 21. Qh5 c5 22. dxc5 Qe7 23. Nf3 Ra6 24. Qh4 Qxc5+ 25. Qf2 Qxf2+ 26. Kxf2 Bd7 27. Nd4 Bxa4 28. Bxa4 Rxa4 29. Rxa4 Nxa4 30. Rb1 Nc5 31. Ke3 Ra8 32. Rxb4 g6 33. Nc6 Ra2 34. g4 Ra3+ 35. Kd4 Ne6+ 36. Kxd5 Rd3+ 37. Nd4 Nxd4 38. Rxd4 Rxh3 39. f5 gxf5 40. gxf5 h5 41. Kd6 Kg7 42. Ke7 Rf3 43. f6+ Kg6 44. Rd8 h4 45. Rg8+ Kf5 46. e6 Re3 47. Kxf7 Rxe6 48. Rg5+ Kxg5 49. Kxe6 h3 50. f7 h2 51. f8=Q h1=Q 52. Qf5+ Kh6 53. Qf6+ 1/2-1/2

[Event "Sochi"]
[Site "?"]
[Date "1988.??.??"]
[Round "?"]
[White "Psakhis, L."]
[Black "Smagin, S."]
[Result "1/2-1/2"]
[WhiteElo "2560"]
[BlackElo "2550"]
[PlyCount "81"]
[EventDate "1988.??.??"]
[Source "ChessBase"]
[SourceDate "1988.07.01"]

1. e4 e5 2. Nf3 Nc6 3. Bb5 a6 4. Ba4 Nf6 5. O-O Be7 6. Re1 b5 7. Bb3 O-O 8. c3 d6 9. h3 a5 10. d4 a4 11. Bc2 Bd7 12. Be3 exd4 13. cxd4 Nb4 14. Nc3 Nxc2 15. Qxc2 b4 16. Ne2 c5 17. d5 Re8 18. Ng3 Bf8 19. Rad1 g6 20. Bg5 h6 21. Bf4 Rc8 22. b3 Bb5 23. Qd2 h5 24. Bg5 Bg7 25. Qf4 Qe7 26. Qh4 Red8 27. Re3 Ra8 28. Nd2 axb3 29. axb3 Qe5 30. Rf3 Nd7 31. Bxd8 f6 32. Bc7 Ra7 33. Bd8 Ra8 34. Bxf6 Bxf6 35. Rxf6 Qxf6 36. Qxf6 Nxf6 37. e5 dxe5 38. Nde4 Nd7 39. Nd6 Ra5 40. Nge4 Ba6 41. Re1 1/2-1/2

[Event "JUG-chT"]
[Site "Herceg Novi"]
[Date "2001.05.??"]
[Round "3"]
[White "Hracek, Zbynek"]
[Black "Blagojevic, Dragisa"]
[Result "1/2-1/2"]
[WhiteElo "2602"]
[BlackElo "2486"]
[PlyCount "126"]
[EventDate "2001.05.??"]
[Source "ChessBase"]
[SourceDate "2001.07.03"]

1. e4 e5 2. Nf3 Nc6 3. Bb5 a6 4. Ba4 Nf6 5. O-O Be7 6. Re1 b5 7. Bb3 d6 8. c3 O-O 9. h3 a5 10. d4 a4 11. Bc2 Bd7 12. Na3 Qb8 13. d5 Na7 14. Bd3 h6 15. Bd2 c6 16. dxc6 Bxc6 17. Nc2 Qb7 18. Qe2 Bd7 19. Nh2 Rfe8 20. Ng4 Nxg4 21. hxg4 Bf8 22. a3 Rab8 23. Ne3 Nc6 24. Rad1 Nd8 25. Bb1 Ne6 26. Nd5 Nc7 27. Ba2 Be6 28. Be3 Nxd5 29. Bxd5 Qd7 30. f3 Be7 31. g3 Bd8 32. Kg2 Bb6 33. Bc1 Kf8 34. Rh1 Bxd5 35. Rxd5 Bc5 36. g5 hxg5 37. Qd2 Qe6 38. Rh8+ Ke7 39. Qxg5+ Qf6 40. Rh7 Rg8 41. Qg4 Qe6 42. Rxg7 Qxg4 43. Rxg4 Rxg4 44. fxg4 Ke6 45. g5 Rd8 46. Bd2 Rh8 47. Bc1 Rd8 48. Bd2 Rh8 49. Rd3 Rd8 50. Be3 Bxe3 51. Rxe3 Rg8 52. g4 Rxg5 53. Kg3 d5 54. Kf3 Rg6 55. exd5+ Kxd5 56. Re4 Rf6+ 57. Ke3 Rf4 58. Rxf4 exf4+ 59. Kxf4 Kc4 60. Kf5 Kb3 61. Kf6 Kxb2 62. Kxf7 Kxa3 63. g5 Kb2 1/2-1/2

[Event "Berliner Sommer"]
[Site "Berlin GER"]
[Date "1990.??.??"]
[Round "?"]
[White "Balashov, Yuri S"]
[Black "Smagin, Sergey B"]
[Result "1-0"]
[WhiteElo "2535"]
[BlackElo "2520"]
[PlyCount "121"]
[EventDate "1990.08.??"]
[Source "www.chesslib.no"]
[SourceDate "2004.05.04"]

1. e4 e5 2. Nf3 Nc6 3. Bb5 a6 4. Ba4 Nf6 5. O-O Be7 6. Re1 b5 7. Bb3 O-O 8. h3 d6 9. c3 a5 10. d4 a4 11. Bc2 Bd7 12. Nbd2 Re8 13. Nf1 h6 14. Ng3 Bf8 15. Nh2 g6 16. f4 a3 17. bxa3 exf4 18. Bxf4 Rxa3 19. Qd2 Na5 20. Bd3 Nc4 21. Bxc4 bxc4 22. Bxh6 Bxh6 23. Qxh6 Rxc3 24. Nf3 Nh7 25. Re3 Rc2 26. Rf1 Qe7 27. Rf2 Rxf2 28. Kxf2 Ra8 29. a3 Qf6 30. Rc3 Be6 31. Qd2 d5 32. Kg1 Qe7 33. Qe3 Qd6 34. exd5 Bxd5 35. Ne5 Re8 36. Qf2 Qe6 37. Re3 Rc8 38. Ne2 Rd8 39. Nc3 Qf5 40. Qxf5 gxf5 41. Nxd5 Rxd5 42. Nc6 Rb5 43. Rc3 Rb1+ 44. Kh2 Rb3 45. Rxc4 Rxa3 46. Ne7+ Kg7 47. Rc6 Ra7 48. Nxf5+ Kg8 49. Kg3 Nf8 50. Kf4 Ne6+ 51. Ke5 Kf8 52. d5 Ng7 53. Nxg7 Kxg7 54. g4 Ra3 55. Rxc7 Re3+ 56. Kd6 Rxh3 57. Rc4 Ra3 58. Kc7 Ra7+ 59. Kb6 Ra1 60. d6 Kf8 61. Rc8+ 1-0

[Event "España-ch B"]
[Site "Sevilla"]
[Date "2004.08.14"]
[Round "2.3"]
[White "Arizmendi Martinez, Julen Luis"]
[Black "Oms Pallise, Josep"]
[Result "1/2-1/2"]
[WhiteElo "2534"]
[BlackElo "2518"]
[PlyCount "68"]
[EventDate "2004.08.13"]
[Source "Roberto Alvarez"]
[SourceDate "2004.08.24"]

1. e4 e5 2. Nf3 Nc6 3. Bb5 a6 4. Ba4 Nf6 5. O-O Be7 6. Re1 b5 7. Bb3 d6 8. c3 O-O 9. h3 a5 10. d4 a4 11. Bc2 Bd7 12. Bd3 Qb8 13. Na3 exd4 14. cxd4 Nb4 15. Bb1 d5 16. exd5 Nbxd5 17. Ne5 Bxa3 18. bxa3 Be6 19. Bg5 h6 20. Bh4 Qb6 21. Bd3 Kh8 22. Bf1 c5 23. Rb1 Nc3 24. Qc1 Nfd5 25. dxc5 Qxc5 26. Rxb5 Qd6 27. Rb7 Rac8 28. Qb2 Rb8 29. Nc4 Rxb7 30. Qxb7 Qb8 31. Qa6 Qa8 32. Qd6 Qb8 33. Qa6 Qa8 34. Qd6 Qb8 1/2-1/2

[Event "NRW-Cup Masters op"]
[Site "Muenster"]
[Date "1997.??.??"]
[Round "6"]
[White "Gofshtein, Leonid D"]
[Black "Kupreichik, Viktor D"]
[Result "1-0"]
[WhiteElo "2545"]
[BlackElo "2500"]
[PlyCount "99"]
[EventDate "1997.10.??"]
[Source "ChessBase"]
[SourceDate "1997.11.24"]

1. e4 e5 2. Nf3 Nc6 3. Bb5 a6 4. Ba4 Nf6 5. O-O Be7 6. Re1 b5 7. Bb3 O-O 8. c3 d6 9. h3 a5 10. d4 a4 11. Bc2 Bd7 12. Nbd2 Re8 13. Nf1 Bf8 14. Ng3 g6 15. Bg5 h6 16. Be3 Kh7 17. Nd2 a3 18. bxa3 Rxa3 19. d5 Nb8 20. c4 b4 21. Nb3 Qc8 22. Qd2 Qa6 23. Qxb4 Ra4 24. Qd2 Qxc4 25. Rec1 Qb5 26. Bd3 Qb7 27. Na5 Qa8 28. Nc4 Na6 29. a3 Nc5 30. Bxc5 dxc5 31. Qc3 h5 32. Nf1 Bb5 33. Re1 Qa6 34. Nb2 Bxd3 35. Nxa4 Bxf1 36. Nxc5 Qc4 37. Rac1 Bxc5 38. Qf3 Be7 39. Rxc4 Bxc4 40. Qc3 Bb5 41. Qxc7 Kg7 42. Qxe5 Bxa3 43. Qd4 Ra8 44. e5 Ne8 45. Rb1 Ba6 46. d6 Kg8 47. d7 Bf8 48. e6 Nd6 49. Rb6 Nb7 50. exf7+ 1-0

[Event "URS Team Ch"]
[Site "Podolsk RUS"]
[Date "1990.??.??"]
[Round "?"]
[White "Aseev, Konstantin N"]
[Black "Kupreichik, Viktor D"]
[Result "1-0"]
[WhiteElo "2545"]
[BlackElo "2490"]
[PlyCount "103"]
[EventDate "1990.??.??"]
[Source "www.chesslib.no"]
[SourceDate "2004.05.04"]

1. e4 e5 2. Nf3 Nc6 3. Bb5 a6 4. Ba4 Nf6 5. O-O Be7 6. Re1 b5 7. Bb3 O-O 8. c3 d6 9. h3 a5 10. d4 exd4 11. cxd4 d5 12. Ne5 Na7 13. Nc3 dxe4 14. Nxe4 Bb7 15. Ng3 a4 16. Bc2 Bb4 17. Re2 Nc6 18. a3 Qd5 19. Nf3 Bd6 20. Bg5 Bxg3 21. fxg3 Nh5 22. g4 Ng3 23. Re1 Rae8 24. Qd3 f5 25. Bh4 Ne4 26. gxf5 Na5 27. Re2 Nc4 28. Rae1 Nxb2 29. Qxe4 Rxe4 30. Bxe4 Qb3 31. Bxb7 Nd3 32. Re3 Qc4 33. Ne5 Nxe5 34. Rxe5 c6 35. Bf2 Rb8 36. Rc5 Qd3 37. Bxc6 h6 38. Bd5+ Kh8 39. Bf7 Rf8 40. Be6 Qxa3 41. Rxb5 Qc3 42. Reb1 Kh7 43. Rc5 Qd2 44. Rc7 a3 45. Ra7 Qc3 46. Rbb7 Qc1+ 47. Kh2 Qf4+ 48. Kh1 Qg5 49. h4 Qg4 50. Rxa3 h5 51. Raa7 Kh8 52. Rxg7 1-0

[Event "RUS Team Ch"]
[Site "Podolsk RUS"]
[Date "1992.??.??"]
[Round "?"]
[White "Dolmatov, Sergey V"]
[Black "Zaitsev, Igor A"]
[Result "1-0"]
[WhiteElo "2595"]
[BlackElo "2425"]
[PlyCount "68"]
[EventDate "1992.??.??"]
[Source "www.chesslib.no"]
[SourceDate "2004.05.04"]

1. e4 e5 2. Nf3 Nc6 3. Bb5 a6 4. Ba4 Nf6 5. O-O Be7 6. Re1 b5 7. Bb3 O-O 8. c3 d6 9. h3 a5 10. a4 b4 11. d4 bxc3 12. bxc3 exd4 13. Nxd4 Bb7 14. Nf5 Rb8 15. Bg5 Nd7 16. Nxe7+ Nxe7 17. Nd2 Nc5 18. Bc2 Ne6 19. Bh4 Qd7 20. Nc4 Ng6 21. Bg3 Qc6 22. Nxa5 Qxc3 23. Nxb7 Rxb7 24. Re3 Qa5 25. Qd5 Qa7 26. e5 Nxe5 27. Bxe5 dxe5 28. Qxe5 Nd4 29. Bd3 Rb4 30. a5 c5 31. Qd6 Nb3 32. Ra3 Rd4 33. Qc6 c4 34. Bc2 Na1 1-0

[Event "Lyon"]
[Site "Lyon"]
[Date "1988.??.??"]
[Round "?"]
[White "Renet, Olivier"]
[Black "Agdestein, Simen"]
[Result "0-1"]
[WhiteElo "2460"]
[BlackElo "2560"]
[PlyCount "77"]
[EventDate "1988.04.??"]
[Source "ChessBase"]

1. e4 e5 2. Nf3 Nc6 3. Bb5 a6 4. Ba4 Nf6 5. O-O Be7 6. Re1 b5 7. Bb3 d6 8. c3 O-O 9. h3 a5 10. d4 a4 11. Bc2 Bd7 12. Na3 Qb8 13. Bd3 exd4 14. cxd4 Nb4 15. Bb1 Qb7 16. Bg5 Rad8 17. Nc2 Na6 18. Ne3 Rfe8 19. Qd3 g6 20. a3 c5 21. e5 dxe5 22. dxe5 Bc6 23. Qc3 Nd5 24. Nxd5 Bxd5 25. Bxe7 Qxe7 26. Be4 Bxe4 27. Rxe4 Nc7 28. Qa5 Rd3 29. Re2 Qd7 30. Ng5 Qc6 31. Rc1 h6 32. Ne4 Rxe5 33. Qe1 Kg7 34. f4 Red5 35. Nf2 R3d4 36. Qc3 Ne6 37. Re4 Qd6 38. f5 Rxf5 39. Nd3 0-1

[Event "Hastings II"]
[Site "?"]
[Date "1990.??.??"]
[Round "?"]
[White "Wolff, P."]
[Black "Smagin, S."]
[Result "1-0"]
[WhiteElo "2500"]
[BlackElo "2520"]
[PlyCount "79"]
[EventDate "1990.??.??"]
[Source "ChessBase"]
[SourceDate "1990.01.01"]

1. e4 e5 2. Nf3 Nc6 3. Bb5 a6 4. Ba4 Nf6 5. O-O Be7 6. Re1 b5 7. Bb3 d6 8. c3 O-O 9. h3 a5 10. d3 a4 11. Bc2 Na5 12. d4 Nd7 13. Bd3 c6 14. Na3 exd4 15. cxd4 Nb6 16. Bf4 d5 17. Ne5 f6 18. Nf3 b4 19. Nc2 Nac4 20. Rb1 Be6 21. b3 axb3 22. axb3 Na5 23. e5 fxe5 24. Nxe5 Bf5 25. Bxf5 Rxf5 26. Qg4 Qf8 27. Bh6 Rxe5 28. Rxe5 Bf6 29. Re6 Kh8 30. Bd2 Nd7 31. Bxb4 c5 32. dxc5 Nxc5 33. Bxc5 Qxc5 34. Rbe1 Rg8 35. Re8 Qc6 36. Rxg8+ Kxg8 37. Nb4 Qb5 38. Qe6+ Kf8 39. Nxd5 Bd8 40. Qd6+ 1-0

[Event "BL2-N 9899"]
[Site "?"]
[Date "1999.02.21"]
[Round "6.2"]
[White "Joachim Sven"]
[Black "Hansen Lars Bo"]
[Result "1-0"]
[WhiteElo "2440"]
[BlackElo "2565"]
[PlyCount "65"]
[EventDate "1999.??.??"]
[Source "www.chesslib.no"]
[SourceDate "2004.05.04"]

1. e4 e5 2. Nf3 Nc6 3. Bb5 a6 4. Ba4 Nf6 5. O-O Be7 6. Re1 b5 7. Bb3 d6 8. c3 O-O 9. h3 a5 10. a4 b4 11. d4 bxc3 12. bxc3 exd4 13. cxd4 d5 14. Nc3 dxe4 15. Nxe4 Nxe4 16. Rxe4 Rb8 17. Be3 Nb4 18. Ne5 Bb7 19. Rg4 Bf6 20. Rc1 Bc8 21. Rg3 Bxe5 22. dxe5 Qxd1+ 23. Bxd1 Nd3 24. Rxc7 Rb1 25. Bh6 Rxd1+ 26. Kh2 Be6 27. Rxg7+ Kh8 28. Rg5 Rb8 29. Kg3 Rc1 30. Bg7+ Kg8 31. Bf6+ Kf8 32. Be7+ Ke8 33. Rg8# 1-0

[Event "Carl Schlechter mem"]
[Site "Vienna"]
[Date "1996.??.??"]
[Round "5"]
[White "Lau, Ralf"]
[Black "Blatny, Pavel"]
[Result "1/2-1/2"]
[WhiteElo "2510"]
[BlackElo "2490"]
[PlyCount "26"]
[EventDate "1996.10.10"]
[Source "ChessBase"]

1. e4 e5 2. Nf3 Nc6 3. Bb5 a6 4. Ba4 Nf6 5. O-O Be7 6. Re1 b5 7. Bb3 d6 8. c3 O-O 9. h3 a5 10. a4 b4 11. d3 Rb8 12. Nbd2 bxc3 13. bxc3 d5 1/2-1/2

[Event "Edinburgh Open"]
[Site "Ednburgh"]
[Date "1989.??.??"]
[Round "6"]
[White "Hodgson, Julian M"]
[Black "Hebden, Mark L"]
[Result "1/2-1/2"]
[WhiteElo "2545"]
[BlackElo "2455"]
[PlyCount "30"]
[EventDate "1989.03.24"]
[Source "www.chesslib.no"]
[SourceDate "2004.05.04"]

1. e4 e5 2. Nf3 Nc6 3. Bb5 a6 4. Ba4 Nf6 5. O-O Be7 6. Re1 b5 7. Bb3 O-O 8. c3 d6 9. h3 a5 10. d4 a4 11. Bc2 Bd7 12. Nbd2 Re8 13. d5 Nb8 14. c4 c6 15. dxc6 Bxc6 1/2-1/2

[Event "JUG-ch 56th"]
[Site "Herceg Novi"]
[Date "2001.04.02"]
[Round "10"]
[White "Pikula, Dejan"]
[Black "Blagojevic, Dragisa"]
[Result "1-0"]
[WhiteElo "2513"]
[BlackElo "2486"]
[PlyCount "83"]
[EventDate "2001.03.23"]
[Source "ChessBase"]
[SourceDate "2001.07.05"]

1. e4 e5 2. Nf3 Nc6 3. Bb5 a6 4. Ba4 Nf6 5. O-O Be7 6. Re1 b5 7. Bb3 d6 8. c3 O-O 9. h3 a5 10. a4 b4 11. Bc4 Rb8 12. d3 Nd7 13. d4 bxc3 14. bxc3 exd4 15. cxd4 Nb4 16. Nc3 Nb6 17. Bf1 d5 18. Bf4 dxe4 19. Nxe4 N6d5 20. Bg3 Bf5 21. Rc1 Na2 22. Ne5 Nxc1 23. Nc6 Qe8 24. Qxc1 Rb6 25. Bb5 Bd7 26. Nxe7+ Qxe7 27. Nc5 Be6 28. Nd7 Rxb5 29. Nxf8 Rb6 30. Nxe6 Rxe6 31. Rxe6 fxe6 32. Qe1 Nb4 33. Qe5 Nd5 34. Qe1 Nb4 35. Qc3 c6 36. Be5 Kf7 37. Qg3 g6 38. Qf4+ Ke8 39. Bf6 Qb7 40. Qd6 Qd7 41. Qb8+ Kf7 42. Qh8 1-0

[Event "4. op"]
[Site "?"]
[Date "1997.04.19"]
[Round "5"]
[White "Gufeld Eduard E"]
[Black "Blatny Pavel"]
[Result "0-1"]
[WhiteElo "2450"]
[BlackElo "2540"]
[PlyCount "72"]
[EventDate "1997.??.??"]
[Source "www.chesslib.no"]
[SourceDate "2004.05.04"]

1. e4 e5 2. Nf3 Nc6 3. Bb5 a6 4. Ba4 Nf6 5. O-O Be7 6. Re1 b5 7. Bb3 d6 8. c3 O-O 9. h3 a5 10. a4 b4 11. d4 bxc3 12. bxc3 exd4 13. cxd4 d5 14. Ne5 Nb4 15. Nc3 Bb7 16. Bg5 Nxe4 17. Nxe4 Bxg5 18. Qh5 Be7 19. Nc5 Bxc5 20. dxc5 Ra6 21. Rad1 Rh6 22. Qf3 Rf6 23. Qc3 Re8 24. Nc4 Rxe1+ 25. Qxe1 Re6 26. Qc3 c6 27. Nxa5 Qxa5 28. Rd4 Re4 29. Rxe4 dxe4 30. Qd2 e3 31. fxe3 Qxc5 32. Qd7 Qxe3+ 33. Kh1 Qe1+ 34. Kh2 Qe5+ 35. Kg1 Qb8 36. Qxf7+ Kh8 0-1

[Event "Rimavska Sobota"]
[Site "Rimavska Sobota"]
[Date "1990.??.??"]
[Round "3"]
[White "Mokry, Karel"]
[Black "Kveinys, Aloyzas"]
[Result "1-0"]
[WhiteElo "2505"]
[BlackElo "2475"]
[PlyCount "77"]
[EventDate "1990.06.??"]
[Source "ChessBase"]

1. e4 e5 2. Nf3 Nc6 3. Bb5 a6 4. Ba4 Nf6 5. O-O Be7 6. Re1 b5 7. Bb3 d6 8. c3 O-O 9. h3 a5 10. d4 a4 11. Bc2 Bd7 12. Nbd2 Re8 13. Nf1 h6 14. Ne3 exd4 15. Nxd4 Ne5 16. Nd5 Bf8 17. Bf4 g6 18. Nf3 Nxf3+ 19. Qxf3 Nxd5 20. exd5 a3 21. Rxe8 Bxe8 22. b3 Qf6 23. Bd2 Qxf3 24. gxf3 Bd7 25. Kg2 Bg7 26. Re1 Kf8 27. Bd3 g5 28. c4 bxc4 29. Bxc4 Bf5 30. Bb5 Rb8 31. Bc6 Bb2 32. Ba5 Rc8 33. b4 Bc2 34. b5 Bd4 35. Bb4 Bb3 36. Bxa3 Bxa2 37. Bb4 Bb3 38. Re4 Be5 39. Rxe5 1-0

[Event "BL2-N 9899"]
[Site "?"]
[Date "1998.12.13"]
[Round "3.1"]
[White "Joecks Christian"]
[Black "Hansen Lars Bo"]
[Result "0-1"]
[WhiteElo "2415"]
[BlackElo "2565"]
[PlyCount "98"]
[EventDate "1998.??.??"]
[Source "www.chesslib.no"]
[SourceDate "2004.05.04"]

1. e4 e5 2. Nf3 Nc6 3. Bb5 a6 4. Ba4 Nf6 5. O-O Be7 6. Re1 b5 7. Bb3 d6 8. c3 O-O 9. h3 a5 10. a4 b4 11. d4 bxc3 12. bxc3 exd4 13. cxd4 d5 14. e5 Ne4 15. Nbd2 Bf5 16. Ba3 Nb4 17. Nf1 c5 18. Ne3 Be6 19. dxc5 Bxc5 20. Bb2 Rb8 21. Bd4 Bxd4 22. Qxd4 Nc6 23. Qd1 d4 24. Bxe6 fxe6 25. Qc2 Nc3 26. Nd1 Rxf3 27. gxf3 Qg5+ 28. Kh1 Nb4 29. Qb3 Qf5 30. Nxc3 Qxf3+ 31. Kg1 Qxh3 32. Rab1 Qg4+ 33. Kf1 Qh3+ 34. Kg1 dxc3 35. Re3 Qg4+ 36. Rg3 Qf5 37. Rxc3 Rf8 38. Rb2 Nd5 39. Rg3 Qxe5 40. Rb1 Nf4 41. Qe3 Ne2+ 42. Kh2 Qf5 43. Rb5 Nxg3 44. Kxg3 Qg6+ 45. Rg5 Qb1 46. Kg2 Rf6 47. Rxa5 Rg6+ 48. Kf3 Qd1+ 49. Qe2 Rf6+ 0-1

[Event "05.OIBayEM Bad Wiessee op"]
[Site "?"]
[Date "2001.10.30"]
[Round "4"]
[White "Sandipan Chanda"]
[Black "Ibragimov Ildar"]
[Result "0-1"]
[WhiteElo "2404"]
[BlackElo "2567"]
[PlyCount "108"]
[EventDate "2001.??.??"]
[Source "www.chesslib.no"]
[SourceDate "2004.05.04"]

1. e4 e5 2. Nf3 Nc6 3. Bb5 a6 4. Ba4 Nf6 5. O-O Be7 6. Re1 b5 7. Bb3 d6 8. c3 O-O 9. h3 a5 10. d3 a4 11. Bc2 Bd7 12. Nbd2 Re8 13. Nf1 h6 14. Ng3 Bf8 15. d4 g6 16. Be3 a3 17. b3 exd4 18. cxd4 Nb4 19. Bb1 c5 20. Qd2 Kh7 21. dxc5 dxc5 22. e5 Nfd5 23. Be4 Bc6 24. Rac1 Nxe3 25. Qxe3 Nd5 26. Bxd5 Qxd5 27. Red1 Qe6 28. Ne4 Bxe4 29. Qxe4 Rad8 30. Rd3 Qf5 31. Qxf5 gxf5 32. Rxd8 Rxd8 33. Kf1 f4 34. Ke2 Kg6 35. Ne1 Kf5 36. Nd3 Rd5 37. g4+ fxg3 38. fxg3 Rd7 39. g4+ Ke4 40. Nxc5+ Bxc5 41. Rxc5 Rd3 42. e6 fxe6 43. Rxb5 Rxh3 44. Rh5 Rg3 45. Rxh6 Rg2+ 46. Kf1 Rxa2 47. Rxe6+ Kf3 48. Rf6+ Kg3 49. g5 Rb2 50. g6 a2 51. Ra6 Kf3 52. Ke1 Ke3 53. Re6+ Kd4 54. Rd6+ Ke5 0-1

[Event "Clarin GP f"]
[Site "Villa Gisell"]
[Date "1998.03.16"]
[Round "10"]
[White "Giaccio, Alfredo Gustavo"]
[Black "Slipak, Sergio"]
[Result "1/2-1/2"]
[WhiteElo "2460"]
[BlackElo "2510"]
[PlyCount "119"]
[EventDate "1998.03.07"]
[Source "ChessBase"]
[SourceDate "1998.06.15"]

1. e4 e5 2. Nf3 Nc6 3. Bb5 a6 4. Ba4 Nf6 5. O-O Be7 6. Re1 b5 7. Bb3 d6 8. c3 O-O 9. h3 a5 10. a3 a4 11. Bc2 Re8 12. d4 Bd7 13. Be3 Bf8 14. Nbd2 h6 15. Nh2 Na5 16. f4 c5 17. Nhf3 Nc6 18. dxe5 dxe5 19. Nxe5 Nxe5 20. fxe5 Nh7 21. Nf3 Be6 22. Qe2 Bc4 23. Qf2 Qc7 24. Qg3 Ra6 25. Rad1 Be7 26. Rd5 Rg6 27. Qf2 Ng5 28. Nxg5 hxg5 29. Qf5 Re6 30. Rdd1 Qxe5 31. Qxe5 Rxe5 32. Bf2 Bf6 33. Rd6 Bb3 34. Bd3 c4 35. Bb1 R5e6 36. Rd5 b4 37. axb4 a3 38. bxa3 Bxc3 39. Re2 Be5 40. Bc2 Ra8 41. Bxb3 cxb3 42. Bd4 Bxd4+ 43. Rxd4 Rxa3 44. Rb2 Rb6 45. Kh2 f6 46. Kg3 Kf7 47. Kf3 Ke6 48. Rc4 Rb8 49. g3 Kd7 50. Kg4 Ke6 51. Rb1 Ke5 52. Rb2 g6 53. Kf3 Rb5 54. Ke3 f5 55. exf5 gxf5 56. h4 gxh4 57. gxh4 Rb8 58. Kd3 Rg8 59. Rc5+ Kf6 60. b5 1/2-1/2

[Event "ch-RUS Boys u20"]
[Site "St Petersburg RUS"]
[Date "2008.03.17"]
[Round "10"]
[White "Sjugirov, S."]
[Black "Chadaev, N."]
[Result "1/2-1/2"]
[WhiteElo "2491"]
[BlackElo "2471"]
[PlyCount "60"]
[EventDate "2008.03.08"]
[Source "www.chesslib.no"]
[SourceDate "2004.05.04"]

1. e4 e5 2. Nf3 Nc6 3. Bb5 a6 4. Ba4 Nf6 5. O-O Be7 6. Re1 b5 7. Bb3 O-O 8. c3 d6 9. h3 a5 10. d4 a4 11. Bc2 exd4 12. cxd4 Nb4 13. d5 Bd7 14. Nd4 Re8 15. Bd2 Nxc2 16. Qxc2 Qb8 17. Qd3 Qb7 18. Bb4 Nh5 19. Nc3 Nf4 20. Qe3 Ng6 21. Rac1 Bf6 22. Nce2 Be5 23. Qd2 Rac8 24. Nc6 Bxc6 25. dxc6 Qb6 26. Ba5 Qa7 27. Bc3 Qb6 28. Ba5 Qa7 29. Bc3 Qb6 30. Ra1 Bxc3 1/2-1/2

[Event "37th Rilton Cup"]
[Site "Stockholm SWE"]
[Date "2008.01.05"]
[Round "9"]
[White "Hillarp Persson, T."]
[Black "Furhoff, J."]
[Result "1/2-1/2"]
[WhiteElo "2567"]
[BlackElo "2392"]
[PlyCount "103"]
[EventDate "2007.12.27"]
[Source "www.chesslib.no"]
[SourceDate "2004.05.04"]

1. e4 e5 2. Nf3 Nc6 3. Bb5 a6 4. Ba4 d6 5. O-O Nf6 6. Re1 b5 7. Bb3 Be7 8. c3 O-O 9. h3 a5 10. d3 a4 11. Bc2 Nd7 12. Be3 Nb6 13. Bxb6 cxb6 14. d4 Bd7 15. Nbd2 Bf6 16. d5 Na5 17. Bd3 Qc7 18. Qe2 Qc5 19. Rec1 Rfc8 20. Nf1 g6 21. Rab1 Bg7 22. b4 axb3 23. axb3 b4 24. Qe1 Bh6 25. Ne3 Qxc3 26. Rxc3 Rxc3 27. Qd1 Rac8 28. Kh2 Nb7 29. Ba6 R8c7 30. Bxb7 Rxb7 31. Ng4 Bg7 32. Qd2 f6 33. Ra1 h5 34. Nh6+ Kh7 35. Nf7 Rbc7 36. Ra8 Bc8 37. Rxc8 Rxc8 38. Nxd6 Bh6 39. Qa2 Rc2 40. Qa4 R8c7 41. Nc4 Bf4+ 42. Kh1 b5 43. Qa5 Rd7 44. Qxb5 Ra7 45. Ng1 Ra1 46. Qd7+ Kh6 47. g3 Bxg3 48. Nd6 Rxf2 49. Nf7+ Kg7 50. Nxe5+ Kh6 51. Nf7+ Kg7 52. Ne5+ 1/2-1/2

[Event "26 Victor Syre Mem"]
[Site "Issy les Moulineaux"]
[Date "2003.05.31"]
[Round "4.1"]
[White "Shchekachev, Andrei"]
[Black "Payen, Arnaud"]
[Result "0-1"]
[WhiteElo "2592"]
[BlackElo "2363"]
[PlyCount "127"]
[EventDate "2003.05.29"]
[Source "Roberto Alvarez"]
[SourceDate "2003.06.16"]

1. e4 e5 2. Nf3 Nc6 3. Bb5 a6 4. Ba4 Nf6 5. O-O Be7 6. Re1 b5 7. Bb3 d6 8. c3 O-O 9. h3 a5 10. d3 h6 11. Nbd2 Re8 12. Nf1 Bf8 13. Ng3 a4 14. Bc2 Bd7 15. a3 Na5 16. d4 c5 17. d5 g6 18. Nh2 Bg7 19. Rb1 Kh7 20. Rf1 Qe7 21. Bd3 Rab8 22. f4 exf4 23. Bxf4 b4 24. cxb4 cxb4 25. axb4 Nb3 26. Qe1 Bb5 27. Rd1 Nxd5 28. Bxb5 Rxb5 29. Qe2 Nd4 30. Qc4 Nb6 31. Qc1 Rxb4 32. Kh1 Rc8 33. Qd2 Rb3 34. Ng4 Rc2 35. Qa5 Rb5 36. Qa6 Rbxb2 37. Ne3 Rc3 38. Rb1 a3 39. Ng4 Rcb3 40. Rbe1 a2 41. e5 dxe5 42. Bxe5 Ra3 43. Qxa3 Qxa3 44. Rxf7 Kg8 45. Rxg7+ Kf8 46. Rf1+ Nf5 47. Bxb2 Qxb2 48. Ra7 Qb1 49. Nxh6 Nc4 50. Ra8+ Ke7 51. Nhxf5+ gxf5 52. Nxf5+ Kd7 53. Rg1 Nd2 54. Nd4 Qb2 55. Ra7+ Kd6 56. Nf5+ Ke6 57. Ne3 Ke5 58. Ra4 Kf6 59. Rf4+ Kg6 60. Rg4+ Kh7 61. Rh4+ Kg6 62. Rg4+ Kf7 63. Rf4+ Ke8 64. Ra4 0-1

[Event "Nationale I"]
[Site "Clermont Ferrand"]
[Date "2003.05.09"]
[Round "10.3"]
[White "Shchekachev, Andrei"]
[Black "Payen, Arnaud"]
[Result "1-0"]
[WhiteElo "2592"]
[BlackElo "2363"]
[PlyCount "79"]
[EventDate "2003.05.07"]
[Source "Roberto Alvarez"]
[SourceDate "2003.05.12"]

1. e4 e5 2. Nf3 Nc6 3. Bb5 a6 4. Ba4 Nf6 5. O-O Be7 6. Re1 b5 7. Bb3 d6 8. c3 O-O 9. h3 a5 10. d3 a4 11. Bc2 Bd7 12. Nbd2 Re8 13. Nf1 h6 14. Ne3 Bf8 15. Nh2 Ne7 16. Nhg4 Ng6 17. g3 Nxg4 18. hxg4 Bc6 19. Qf3 Be7 20. a3 Bg5 21. Nd5 Rc8 22. Kg2 Bd7 23. Rh1 f6 24. Bxg5 fxg5 25. Ne3 Rf8 26. Qe2 Be6 27. d4 Qe8 28. d5 Bd7 29. Rad1 Rb8 30. Bd3 Qc8 31. Nf5 Rf6 32. f3 Qb7 33. Ne3 Ne7 34. Rhf1 c5 35. dxc6 Bxc6 36. Bb1 d5 37. Ba2 Rd8 38. exd5 Nxd5 39. Nxd5 Bxd5 40. Rxd5 1-0